| 000 | 00730nam a2200277Ia 4500 | ||
|---|---|---|---|
| 008 | 171025s9999 xx 000 0 und d | ||
| 020 | _a9780312339937 | ||
| 050 | _a814.6 | ||
| 050 | _bR621 2006 | ||
| 100 | _aRivenbark, Celia | ||
| 245 | _aStop dressing your six-year-old like a shank : | ||
| 245 | _band other words of delicate Southern wisdom / | ||
| 245 | _cCelia Rivenbark. | ||
| 250 | _aFirst edition | ||
| 260 | _aNew York : | ||
| 260 | _bSt. Martin's Press, | ||
| 260 | _c2006 | ||
| 300 | _a262 pages : | ||
| 300 | _billustrations ; | ||
| 300 | _c21cm. | ||
| 650 | _aAmerican wit and humor. | ||
| 650 | _aSouthern States -- | ||
| 650 | _aSouthern States. | ||
| 650 | _xHumor. | ||
| 700 | _aTitle. | ||
| 999 |
_c344837 _d344837 |
||